Biggest City in Each Connecticut County on a Map - Statistics

General Stats
  • This quiz has been taken 43 times
  • The average score is 4 of 8
Answers on the Map
Answers color-coded by a green-red scale on the quiz's map according to % correct below.
 
Answer Stats
Answer % Correct
Hartford
95%
New Haven
95%
Bridgeport
92%
Norwich
37%
Middletown
29%
Torrington
26%
Windham
18%
Vernon
13%
No matching quizzes found
Score Distribution
Percent of People with Each Score
Percentile by Number Answered
Your Score History
You have not taken this quiz